000 00392nam a2200157Ia 4500
008 221030s9999 xx 000 0 und d
020 _a8120317270
041 _aEnglish
082 _a105.23
_bRaj
100 _aV. Rajaraman
245 0 _aAnalysis & Design of Information Systems
_cby V. Rajaraman
260 _bPHI
_aNew Delhi
_c2002
300 _a292
650 _aBE Computer
942 _cBK
999 _c1660
_d1660